Statistics for 2016 AFL All Australian team

Click here to take the quiz!

General Stats

  • This quiz has been taken 103 times
  • The average score is 21 of 40

Answer Stats

HintAnswer% Correct
AdelaideRory Sloane
95%
AdelaideEddie Betts
86%
GeelongPatrick Dangerfield
86%
SwansJosh Kennedy
85%
EaglesJosh Kennedy
85%
GeelongJoel Selwood
84%
RichmondDustin Martin
82%
SwansLance Franklin
80%
CollingwoodScott Pendlebury
77%
BulldogsMarcus Bontempelli
73%
HawksSam Mitchell
69%
Gold CoastTom Lynch
64%
AdelaideTom Lynch
64%
AdelaideRory Laird
62%
MelbourneMax Gawn
59%
SwansLuke parker
58%
AdelaideDaniel Talia
55%
RichmondAlex Rance
54%
CollingwoodAdam Treloar
50%
EaglesAndrew Gaff
49%
GWSCallan Ward
47%
St KildaJack Steven
46%
GWSHeath Shaw
45%
EaglesLuke Shuey
45%
CarltonSam Docherty
43%
HawksCyril Rioli
41%
FremantleLachie Neale
39%
BulldogsMatthew Boyd
39%
SwansDane Rampe
38%
AdelaideJosh Jenkins
38%
EaglesJeremy McGovern
36%
CarltonKade Simpson
36%
GWSToby Greene
36%
SwansDan Hannebery
35%
HawksJack Gunston
35%
GWSStephen Coniglio
32%
NorthRobbie Tarrant
16%
GeelongCorey Enright
14%
GWSTom Scully
12%
PortJasper Pittard
9%

Score Distribution

Percentile by Number Answered

Percent of People with Each Score

Your Score History

You have not taken this quiz